01423cam a2200325 i 4500003000900000005001700009007000300026008004100029040003000070082002200100100004000122245008000162264003400242300002500276336002700301337003400328338002800362490004300390500006200433500006000495590002700555650003500582650003400617700005000651910004700701942001400748952015600762952016200918999001701080DO-SdBNP20231206083121.0ta751003s2016 gt 000 0 spa d aDO-SdBNPbspacBNPHUerda 4aRD861.44bO66222 aOreamuno, Yolandad1916-195696626310aProsas escogidas /cYolanda Oreamuno : selección Francisco Morales Santos 1aGuatemala :bCultura, c2016. a79 páginasc21 cm. 2rdacontentatextobtxt 2rdamediaasin mediación bn 2rdacarrieravolumenbnc1 aCrónicaaEnrique Gómez Carrillov9 aIncluye datos biográficos de la autora en las solapas.  aEdición conmemorativa I centenario de su nacimiento.  aInventariado, 2023/ YL 4aLiteratura costarricense95393 4aPoesía costarricense 953011 aMorales Santos, Franciscoeselección984436 aYlockward/Validado. Control de calidad MFF 2ddccLBS1 00102ddc56708GRaBNPHUbBNPHUcHDd2018-04-19eBiblioteca Nacional de Guatemala l0oBNPHU GR CR861.4 O66pp2023-6917r2023-10-13w2023-10-13yLBS1 00102ddc56708GRaBNPHUbBNPHUcHDd2018-04-19eBiblioteca Nacional de Guatemala l0oBNPHU GR CR861.4 O66pp2023-6918r2023-10-13te. 2w2023-10-13yLBS1 c55168d55168